Les bactéries - Statistiques

Statistiques générales
  • Ce quiz a été pris 33 fois
  • Le résultat moyen est 4 sur 15
Statistiques - réponses
Hint Réponse % Correct
et est de couleur rose
77%
et de couleur """" car elle retient cette couleur violette
77%
phototrophe utilise la """"" comme source d'énergie lumière
59%
les bactéries a gram positif et négatif ont une paroi cellulaire composée de peptido-glycane
50%
celle des bactéries a gram positif est épaisse
45%
celle des bactérie a gram négatif est plus fine
45%
la reproduction rapides des bactéries la scissiparité
23%
combien y a t'il de microbe dans le corps humains >"""" 10000
14%
les bactéries sont très présente dans la biomass
5%
et des """""""""" rapide adaptions génétiques
0%
le taux élevée de mutations implique une adaptions par sélection naturelle
0%
autotrophe source de carbone non-organique
0%
hétérotrophe source de carbone organique
0%
cela implique une croissance exponentielle
0%
la petite taille du génome implique une reproduction rapide
0%
Aucun quiz correspondant
Distribution des résultats
% des personnes avec chaque résultat
Percentile par nombre de réponses
Votre historique - résultats
Vous n’avez pas pris ce quiz